| 000 | 01440cam a2200133 4500500 | ||
|---|---|---|---|
| 005 | 20251214001511.0 | ||
| 041 | _afre | ||
| 042 | _adc | ||
| 100 | 1 | 0 |
_aEsquenazi, Jean-Pierre _eauthor |
| 245 | 0 | 0 | _aLes séries télévisées : L'avenir du cinéma ? |
| 260 |
_bArmand Colin,
_c2014. |
||
| 520 | _aPhénomène de société autant que médiatique, les séries ont littéralement explosé sur nos écrans depuis une dizaine d’années. De secondaires, elles sont devenues bien souvent le principal « programme d’appel » de la télévision. Suivies avec passion par toutes les classes et tous les âges de la population, les séries télévisées font désormais partie intégrante de nos sociétés.Cet ouvrage, premier en son genre, cherche à comprendre ce phénomène culturel et artistique exceptionnel en en présentant les racines économiques et culturelles mais aussi en révélant les mutations qu’il a entraînées dans le système de production et les modes d’écriture.À travers de très nombreux exemples, de Star Trek à Six Feet Under, de Mission : Impossible à Sex in the City…, sont ici analysées et commentées ces nouvelles formes narratives et esthétiques qui mettent en scène des mondes complexes et s’attachent à révéler des personnalités en prise directe avec notre temps. | ||
| 856 | 4 | 1 | _uhttps://shs.cairn.info/les-series-televisees--9782200293635?lang=fr&redirect-ssocas=7080 |
| 999 |
_c1566221 _d1566221 |
||